[Event "GER-ch Net blitz qual4"]
[Site "Playchess.com INT"]
[Date "2021.05.10"]
[Round "2"]
[White "Lachmann, Utz"]
[Black "Seidentopf, Daniel"]
[Result "0-1"]
[WhiteElo "1883"]
[BlackElo "2104"]
[PlyCount "60"]
[EventDate "2021.05.10"]
[EventType "swiss (blitz)"]
[EventRounds "11"]
[EventCountry "GER"]
[SourceTitle "CBM 202 Extra"]
[Source "ChessBase"]
[SourceDate "2021.07.31"]
[SourceVersion "1"]
[SourceVersionDate "2021.07.31"]
[SourceQuality "1"]

1. e4 e6 2. d4 d5 3. Nc3 Nf6 4. Bg5 Bb4 5. Bd3 dxe4 6. Bxe4 Nbd7 7. Bf3 h6 8. Bh4 0-0 9. Nge2 c6 10. Qd3 e5 11. 0-0-0 Qa5 12. Kb1 Re8 13. Rhe1 g5 14. Bg3 e4 15. Bxe4 Nxe4 16. Nxe4 Bxe1 17. Nd6 Re6 18. h4 Bxf2 19. Nxc8 Bxg3 20. Nxg3 Rxc8 21. hxg5 Qxg5 22. Ne4 Qg6 23. Re1 Rce8 24. Rf1 Qxe4 25. Qg3+ Qg6 26. Qc3 Re3 27. Qb4 Re2 28. a4 Qxc2+ 29. Ka1 Nb6 30. Qd6 Qxb2# 0-1

[Event "GER-ch Net blitz qual4"]
[Site "Playchess.com INT"]
[Date "2021.05.10"]
[Round "8"]
[White "Werner, Rene"]
[Black "Lachmann, Utz"]
[Result "0-1"]
[WhiteElo "1708"]
[BlackElo "1883"]
[PlyCount "122"]
[EventDate "2021.05.10"]
[EventType "swiss (blitz)"]
[EventRounds "11"]
[EventCountry "GER"]
[SourceTitle "CBM 202 Extra"]
[Source "ChessBase"]
[SourceDate "2021.07.31"]
[SourceVersion "1"]
[SourceVersionDate "2021.07.31"]
[SourceQuality "1"]

1. c4 c5 2. g3 g6 3. Bg2 Bg7 4. Nf3 Nc6 5. Nc3 Nf6 6. 0-0 0-0 7. d3 d6 8. Bd2 e5 9. a3 Bg4 10. h3 Bd7 11. Rb1 a5 12. Nb5 Qe7 13. b4 axb4 14. axb4 Nxb4 15. Bxb4 Bxb5 16. cxb5 cxb4 17. Rxb4 d5 18. Qb3 Rfd8 19. Nd2 Rac8 20. Ra4 Qc5 21. Qb4 Qc2 22. Nb3 Qxe2 23. Nc5 b6 24. Re1 bxc5 25. Qa5 Qxd3 26. Rxe5 Ne4 27. Bxe4 dxe4 28. Rexe4 Qd1+ 29. Re1 Qd2 30. Re8+ Bf8 31. Qxd2 Rxd2 32. Rxc8 Kg7 33. Raa8 Be7 34. Ra7 Bd6 35. Rc6 Be5 36. Ra1 Bxa1 37. Rxc5 Bd4 38. Rc6 Rxf2 39. Kh1 Rb2 40. b6 Rxb6 41. Rxb6 Bxb6 42. Kg2 Kf6 43. Kf3 Kf5 44. g4+ Ke5 45. h4 h5 46. gxh5 gxh5 47. Kg3 Kf5 48. Kf3 Bd8 49. Kg3 f6 50. Kf3 Ke5 51. Kg3 f5 52. Kf3 f4 53. Kg2 Bxh4 54. Kh3 Be1 55. Kg2 Ke4 56. Kf1 Bb4 57. Kg2 f3+ 58. Kf1 Ke3 59. Kg1 Ke2 60. Kh1 f2 61. Kh2 f1Q 0-1

[Event "GER-ch Net blitz qual3"]
[Site "Playchess.com INT"]
[Date "2021.05.07"]
[Round "3"]
[White "Gombert, Reiner"]
[Black "Lachmann, Utz"]
[Result "0-1"]
[WhiteElo "1700"]
[BlackElo "1868"]
[PlyCount "158"]
[EventDate "2021.05.07"]
[EventType "swiss (blitz)"]
[EventRounds "11"]
[EventCountry "GER"]
[SourceTitle "CBM 202 Extra"]
[Source "ChessBase"]
[SourceDate "2021.07.31"]
[SourceVersion "1"]
[SourceVersionDate "2021.07.31"]
[SourceQuality "1"]

1. e4 d6 2. d4 Nf6 3. Nc3 g6 4. Bg5 Bg7 5. e5 Nfd7 6. f4 0-0 7. Nf3 f6 8. exf6 exf6 9. Bh4 Nb6 10. Be2 Bf5 11. 0-0 Nc6 12. a3 d5 13. Re1 Qd7 14. Bf2 Rae8 15. Qd2 Be4 16. Rac1 Kh8 17. Bd1 a6 18. b3 Qf5 19. g3 Qh3 20. Be2 f5 21. Bf1 Qh5 22. Nh4 Nd7 23. Qd1 Qh6 24. Bg2 Bf6 25. Nf3 Bxf3 26. Bxf3 Qg7 27. Ne2 Re7 28. c3 Rfe8 29. Qd2 b5 30. Kg2 Na5 31. Qc2 c6 32. Ng1 Nf8 33. Rxe7 Rxe7 34. Re1 Rxe1 35. Bxe1 Qe7 36. Bf2 Nd7 37. Be2 Nb7 38. b4 Nd6 39. Nf3 Ne4 40. Ne5 Bxe5 41. fxe5 Qg5 42. Qd3 Nb6 43. Be3 Qe7 44. Bd1 Nc4 45. Bc1 Kg7 46. a4 h5 47. axb5 axb5 48. Bb3 h4 49. Bxc4 bxc4 50. Qe3 hxg3 51. Qh6+ Kf7 52. hxg3 Qf8 53. e6+ Ke8 54. Qxg6+ Kd8 55. Bg5+ Nxg5 56. Qxg5+ Kc7 57. Kf3 Kd6 58. Kf4 Kxe6 59. Qg6+ Qf6 60. Qe8+ Kd6 61. Qb8+ Kd7 62. Qb7+ Kd6 63. Qb8+ Kd7 64. Qe5 Qh6+ 65. Kxf5 Qh5+ 66. Kf4 Qh6+ 67. Qg5 Qh1 68. Qg7+ Kd6 69. Qe5+ Kd7 70. g4 Qf1+ 71. Kg5 Qc1+ 72. Qf4 Qxc3 73. Qf5+ Kd6 74. Qe5+ Kd7 75. Kf6 Qf3+ 76. Qf5+ Qxf5+ 77. Kxf5 c3 78. Kf4 c2 79. Ke3 c1Q+ 0-1

[Event "GER-ch Net blitz qual3"]
[Site "Playchess.com INT"]
[Date "2021.05.07"]
[Round "4"]
[White "Lachmann, Utz"]
[Black "Plischki, Sebastian"]
[Result "1-0"]
[WhiteElo "1868"]
[BlackElo "2220"]
[PlyCount "77"]
[EventDate "2021.05.07"]
[EventType "swiss (blitz)"]
[EventRounds "11"]
[EventCountry "GER"]
[SourceTitle "CBM 202 Extra"]
[Source "ChessBase"]
[SourceDate "2021.07.31"]
[SourceVersion "1"]
[SourceVersionDate "2021.07.31"]
[SourceQuality "1"]

1. e4 e5 2. Nf3 Nc6 3. Nc3 Nf6 4. Bb5 Bb4 5. d3 0-0 6. Bg5 Bxc3+ 7. bxc3 d6 8. Bxc6 bxc6 9. h3 Qe7 10. 0-0 h6 11. Bxf6 Qxf6 12. Rb1 Qe7 13. Re1 f5 14. exf5 Bxf5 15. Rb7 Bc8 16. Rb4 Qf7 17. a4 Bxh3 18. gxh3 Qxf3 19. Qxf3 Rxf3 20. Kg2 Raf8 21. Re2 R3f4 22. c4 R8f6 23. Rb7 Rg6+ 24. Kh2 Rg5 25. Rxc7 Rf3 26. Rxc6 Rh5 27. Rxd6 Rfxh3+ 28. Kg2 Rh2+ 29. Kf3 Rf5+ 30. Ke4 Rfxf2 31. Rxf2 Rxf2 32. Kxe5 Rxc2 33. Rd7 h5 34. Rd4 Kh7 35. Kf5 Rf2+ 36. Kg5 Ra2 37. c5 Rc2 38. Rc4 Rg2+ 39. Kxh5 1-0

[Event "GER-ch Net blitz qual3"]
[Site "Playchess.com INT"]
[Date "2021.05.07"]
[Round "9"]
[White "Moeller, Jonas"]
[Black "Lachmann, Utz"]
[Result "0-1"]
[WhiteElo "1444"]
[BlackElo "1868"]
[PlyCount "122"]
[EventDate "2021.05.07"]
[EventType "swiss (blitz)"]
[EventRounds "11"]
[EventCountry "GER"]
[SourceTitle "CBM 202 Extra"]
[Source "ChessBase"]
[SourceDate "2021.07.31"]
[SourceVersion "1"]
[SourceVersionDate "2021.07.31"]
[SourceQuality "1"]

1. e4 d6 2. d4 Nf6 3. Nc3 g6 4. f4 Bg7 5. Nf3 0-0 6. e5 Nfd7 7. Bc4 c5 8. Be3 cxd4 9. Qxd4 Nc6 10. Qd2 dxe5 11. 0-0-0 Qa5 12. Nd5 Qxd2+ 13. Rxd2 Nb6 14. Nxb6 axb6 15. fxe5 Nxe5 16. Nxe5 Bxe5 17. Rf1 Bf5 18. a3 Rac8 19. Bb3 b5 20. h3 h5 21. Rg1 Rcd8 22. g4 Rxd2 23. Bxd2 hxg4 24. hxg4 Bd7 25. Bh6 Rc8 26. Rf1 e6 27. Be3 Bc6 28. Bb6 Kg7 29. Rd1 Bf3 30. Rd7 Bxg4 31. Rxb7 Rb8 32. Rxb8 Bxb8 33. c4 bxc4 34. Bxc4 e5 35. a4 e4 36. Kd2 Bf4+ 37. Be3 Bd6 38. a5 Bb4+ 39. Kc2 Bxa5 40. Kb3 Bd1+ 41. Ka3 f5 42. b4 Bc7 43. b5 f4 44. b6 Bb8 45. Bd4+ Kh6 46. Kb2 e3 47. Kc1 Ba4 48. Be2 g5 49. Bg4 Kg6 50. Kb2 Bb5 51. Kc2 Kf7 52. Kb3 Ke7 53. Kb4 Bd3 54. Kc3 Bf1 55. Kc2 Kd6 56. Kd1 Kd5 57. Bf6 Ke4 58. Ke1 Bc4 59. Bxg5 f3 60. Bxf3+ Kxf3 61. Bd8 Bg3+ 0-1

[Event "GER-ch Net blitz qual3"]
[Site "Playchess.com INT"]
[Date "2021.05.07"]
[Round "8"]
[White "Singh, Marcel"]
[Black "Lachmann, Utz"]
[Result "1-0"]
[WhiteElo "2027"]
[BlackElo "1868"]
[PlyCount "67"]
[EventDate "2021.05.07"]
[EventType "swiss (blitz)"]
[EventRounds "11"]
[EventCountry "GER"]
[SourceTitle "CBM 202 Extra"]
[Source "ChessBase"]
[SourceDate "2021.07.31"]
[SourceVersion "1"]
[SourceVersionDate "2021.07.31"]
[SourceQuality "1"]

1. e4 d6 2. d4 Nf6 3. Nc3 g6 4. Bg5 Bg7 5. Qd2 0-0 6. 0-0-0 c6 7. f4 Bg4 8. Nf3 b5 9. e5 dxe5 10. dxe5 Qxd2+ 11. Rxd2 Bxf3 12. gxf3 Nh5 13. Bxe7 Re8 14. Bd6 Nd7 15. Nxb5 cxb5 16. Bxb5 Nb6 17. Bxe8 Rxe8 18. b3 Nxf4 19. c4 Ne6 20. Kc2 Nc8 21. c5 Nxd6 22. exd6 Nxc5 23. b4 Nd7 24. a4 Rc8+ 25. Kb3 f5 26. Re1 Bf6 27. a5 Kf7 28. Rde2 Kf8 29. Re7 Bxe7 30. Rxe7 Nf6 31. Rxa7 Rb8 32. a6 Nd5 33. Rb7 Ra8 34. a7 1-0

[Event "GER-ch Net blitz qual3"]
[Site "Playchess.com INT"]
[Date "2021.05.07"]
[Round "11"]
[White "Zhou, Lepu Coco"]
[Black "Lachmann, Utz"]
[Result "1-0"]
[WhiteElo "1762"]
[BlackElo "1868"]
[PlyCount "71"]
[EventDate "2021.05.07"]
[EventType "swiss (blitz)"]
[EventRounds "11"]
[EventCountry "GER"]
[SourceTitle "CBM 202 Extra"]
[Source "ChessBase"]
[SourceDate "2021.07.31"]
[SourceVersion "1"]
[SourceVersionDate "2021.07.31"]
[SourceQuality "1"]

1. e4 d6 2. d4 Nf6 3. Nc3 g6 4. f4 Bg7 5. Nf3 0-0 6. e5 Ne8 7. Bc4 Bg4 8. h3 Bxf3 9. Qxf3 Nc6 10. Be3 dxe5 11. dxe5 Nd4 12. Qe4 c5 13. Rd1 Qb6 14. Nd5 Qa5+ 15. c3 Nf5 16. g4 Nxe3 17. Nxe7+ Kh8 18. Qxe3 Nc7 19. Nd5 Nxd5 20. Bxd5 Rad8 21. 0-0 Qb6 22. b4 Rc8 23. Kh2 cxb4 24. Qxb6 axb6 25. cxb4 g5 26. e6 fxe6 27. Bxe6 Rc2+ 28. Kg3 gxf4+ 29. Kh4 f3 30. Bf5 Rxa2 31. Rxf3 Rb2 32. Rd7 Rxb4 33. Rxb7 Rb2 34. Rd3 Bf6+ 35. Kg3 Be5+ 36. Kf3 1-0

[Event "GER-ch Net blitz qual2"]
[Site "Playchess.com INT"]
[Date "2021.05.04"]
[Round "3"]
[White "Friemel, Reinhard"]
[Black "Lachmann, Utz"]
[Result "1/2-1/2"]
[WhiteElo "1651"]
[BlackElo "1857"]
[PlyCount "102"]
[EventDate "2021.05.04"]
[EventType "swiss (blitz)"]
[EventRounds "11"]
[EventCountry "GER"]
[SourceTitle "CBM 202 Extra"]
[Source "ChessBase"]
[SourceDate "2021.07.31"]
[SourceVersion "1"]
[SourceVersionDate "2021.07.31"]
[SourceQuality "1"]

1. e4 d6 2. d4 Nf6 3. Nc3 g6 4. g3 Bg7 5. Bg2 0-0 6. Nge2 e5 7. 0-0 Nc6 8. d5 Ne7 9. h3 c6 10. Bg5 cxd5 11. Nxd5 Nexd5 12. exd5 h6 13. Be3 Bd7 14. c4 a6 15. Kh2 Rc8 16. Rc1 b5 17. b3 bxc4 18. bxc4 Qa5 19. Qd2 Qxd2 20. Bxd2 Rb8 21. Rb1 g5 22. Ba5 Rxb1 23. Rxb1 Rc8 24. Rc1 Ne8 25. Bb4 f5 26. a3 e4 27. Bf1 Kf7 28. h4 Be5 29. Kg2 Kg6 30. hxg5 hxg5 31. c5 dxc5 32. Rxc5 Rxc5 33. Bxc5 Bb5 34. Nc1 Nd6 35. Bxb5 Nxb5 36. Nb3 f4 37. a4 Nd6 38. Bxd6 Bxd6 39. gxf4 gxf4 40. Nd4 Kf6 41. Nc6 Kf5 42. Kf1 f3 43. Ke1 Kf4 44. Kd2 Bc5 45. Ke1 e3 46. fxe3+ Kxe3 47. Kf1 Ke4 48. Nb8 a5 49. Nc6 Kxd5 50. Nxa5 Ba7 51. Nb3 Kc4 1/2-1/2

[Event "GER-ch Net blitz qual2"]
[Site "Playchess.com INT"]
[Date "2021.05.04"]
[Round "11"]
[White "Lachmann, Utz"]
[Black "Lenze, Thomas"]
[Result "1-0"]
[WhiteElo "1857"]
[BlackElo "1569"]
[PlyCount "73"]
[EventDate "2021.05.04"]
[EventType "swiss (blitz)"]
[EventRounds "11"]
[EventCountry "GER"]
[SourceTitle "CBM 202 Extra"]
[Source "ChessBase"]
[SourceDate "2021.07.31"]
[SourceVersion "1"]
[SourceVersionDate "2021.07.31"]
[SourceQuality "1"]

1. e4 e5 2. Nf3 Nc6 3. Nc3 Nf6 4. Bb5 d6 5. d4 exd4 6. Qxd4 Bd7 7. Bxc6 Bxc6 8. Bg5 Be7 9. 0-0-0 h6 10. Bh4 0-0 11. Rhe1 Nd7 12. Bxe7 Qxe7 13. Nd5 Bxd5 14. Qxd5 Rab8 15. Kb1 Nb6 16. Qd4 Rfd8 17. g4 Qd7 18. g5 hxg5 19. Nxg5 Qa4 20. Qd3 Qc4 21. Qh3 f6 22. Qh7+ Kf8 23. Qh8+ Qg8 24. Ne6+ Ke7 25. Qxg8 Rxg8 26. Nxc7 Rh8 27. f4 Rxh2 28. e5 dxe5 29. fxe5 fxe5 30. Rxe5+ Kf6 31. Re6+ Kg5 32. Rg1+ Kh5 33. Re7 Rg8 34. Ne6 Nd5 35. Rxb7 Re2 36. Nxg7+ Kh6 37. Nf5+ 1-0

[Event "GER Cup Net V2 U2400"]
[Site "Playchess.com INT"]
[Date "2020.05.22"]
[Round "1"]
[White "Plischki, Sebastian"]
[Black "Lachmann, Utz"]
[Result "1/2-1/2"]
[WhiteElo "2021"]
[BlackElo "1862"]
[PlyCount "109"]
[EventDate "2020.05.22"]
[EventType "swiss (blitz)"]
[EventRounds "9"]
[EventCountry "GER"]
[SourceTitle "EXT 2021"]
[Source "ChessBase"]
[SourceDate "2020.10.23"]
[SourceVersion "1"]
[SourceVersionDate "2020.10.23"]
[SourceQuality "1"]

1. d4 f5 2. Nc3 Nf6 3. Bg5 d5 4. e3 e6 5. Bd3 Be7 6. Nf3 b6 7. 0-0 0-0 8. Ne2 Ba6 9. Nf4 Qd7 10. Bxa6 Nxa6 11. Qe2 Nb8 12. c4 c6 13. Rac1 Ne4 14. Ne5 Qd6 15. Bxe7 Qxe7 16. f3 Nd6 17. cxd5 cxd5 18. Rc2 g5 19. Nfd3 Na6 20. Rfc1 Rac8 21. Nc6 Qg7 22. Nde5 Nc4 23. b3 Nxe5 24. Nxe5 Rxc2 25. Qxc2 f4 26. e4 dxe4 27. Qxe4 Nb4 28. Nc6 Nxc6 29. Rxc6 Re8 30. Rxe6 Rf8 31. h3 Qd7 32. Re7 Qf5 33. Qxf5 Rxf5 34. Rxa7 Rd5 35. Rb7 Rxd4 36. Rxb6 Rd1+ 37. Kh2 Rd2 38. a4 Kf7 39. a5 h5 40. a6 Ra2 41. b4 g4 42. hxg4 hxg4 43. fxg4 f3 44. Kg3 f2 45. Rb7+ Kg6 46. Rb6+ Kg7 47. Rb7+ Kf6 48. g5+ Kg6 49. Rb6+ Kxg5 50. Rb5+ Kg6 51. Rb6+ Kg7 52. Rb7+ Kg6 53. Rb6+ Kg7 54. Rb7+ Kg6 55. Rb6+ 1/2-1/2

[Event "GER Cup Net V2 U2400"]
[Site "Playchess.com INT"]
[Date "2020.05.22"]
[Round "9"]
[White "Schulz, Michael4444"]
[Black "Lachmann, Utz"]
[Result "1-0"]
[WhiteElo "1952"]
[BlackElo "1862"]
[PlyCount "101"]
[EventDate "2020.05.22"]
[EventType "swiss (blitz)"]
[EventRounds "9"]
[EventCountry "GER"]
[SourceTitle "EXT 2021"]
[Source "ChessBase"]
[SourceDate "2020.10.23"]
[SourceVersion "1"]
[SourceVersionDate "2020.10.23"]
[SourceQuality "1"]

1. d4 f5 2. Bg5 g6 3. e3 Bg7 4. h4 c5 5. c3 Qb6 6. Qc2 d5 7. Nf3 Nc6 8. Bd3 Nf6 9. Bxf6 Bxf6 10. h5 Bd7 11. hxg6 hxg6 12. Rxh8+ Bxh8 13. Nbd2 0-0-0 14. 0-0-0 e5 15. dxe5 Nxe5 16. Nxe5 Bxe5 17. Nf3 Bf6 18. Rh1 Rh8 19. Rxh8+ Bxh8 20. Nh4 Qf6 21. g3 Bg7 22. f4 Qe6 23. Kd2 Kb8 24. c4 Bc6 25. cxd5 Qxd5 26. Qc4 Bxb2 27. Nxg6 Qg2+ 28. Be2 Qxg3 29. Ne7 Qg2 30. Qxc5 a6 31. Nxc6+ Qxc6 32. Qxc6 bxc6 33. Bxa6 Kc7 34. Bd3 Kd6 35. Bxf5 Kc5 36. Bd3 Kb4 37. e4 c5 38. e5 c4 39. Bb1 Bd4 40. Ke2 Kc3 41. a4 Kb4 42. Bc2 Kc3 43. Bd1 Kb4 44. Kf3 c3 45. Ke4 Bc5 46. f5 Ka3 47. f6 Kb2 48. a5 Kc1 49. Ba4 Kd2 50. a6 c2 51. Bxc2 1-0

[Event "GER Cup Net V1 U2400"]
[Site "Playchess.com INT"]
[Date "2020.05.19"]
[Round "5"]
[White "Gaitzsch, Martin"]
[Black "Lachmann, Utz"]
[Result "1/2-1/2"]
[WhiteElo "1812"]
[BlackElo "1869"]
[PlyCount "126"]
[EventDate "2020.05.19"]
[EventType "swiss (blitz)"]
[EventRounds "9"]
[EventCountry "GER"]
[SourceTitle "EXT 2021"]
[Source "ChessBase"]
[SourceDate "2020.10.23"]
[SourceVersion "1"]
[SourceVersionDate "2020.10.23"]
[SourceQuality "1"]

1. c4 e5 2. g3 Nf6 3. Bg2 Nc6 4. Nc3 Bc5 5. Nf3 0-0 6. 0-0 d6 7. d3 a5 8. Bg5 h6 9. Bh4 g5 10. Nxg5 hxg5 11. Bxg5 d5 12. Nxd5 Be7 13. Nxe7+ Qxe7 14. Qd2 Nd4 15. e3 Ne6 16. Bh4 Kg7 17. f4 e4 18. dxe4 Rh8 19. e5 Rxh4 20. exf6+ Qxf6 21. gxh4 Qxh4 22. Qf2 Qxf2+ 23. Kxf2 Nc5 24. Bd5 c6 25. Bf3 Nd3+ 26. Kg3 Nxb2 27. Be2 Be6 28. Rfc1 Rd8 29. Rab1 Rd2 30. Bf1 a4 31. Rc3 f5 32. a3 Kf6 33. h4 Bf7 34. Bg2 Nd1 35. Rxd1 Rxd1 36. e4 fxe4 37. Bxe4 Rd4 38. Bd3 c5 39. Be2 Kf5 40. Bg4+ Ke4 41. Bf3+ Kf5 42. Bxb7 Bxc4 43. Bc8+ Ke4 44. f5 Ke5 45. Bd7 Rd3+ 46. Rxd3 Bxd3 47. Bxa4 Kxf5 48. Bd7+ Ke5 49. Kf3 c4 50. Bb5 Kd4 51. h5 Bh7 52. Ke2 c3 53. a4 Kc5 54. Be8 Kb4 55. Bg6 Bg8 56. Bc2 Kc4 57. h6 Kb4 58. Ke3 Kc4 59. Bd1 Bh7 60. Be2+ Kb4 61. Bd3 Bg8 62. h7 Bxh7 63. Bxh7 Kxa4 1/2-1/2

[Event "GER Cup Net V1 U2400"]
[Site "Playchess.com INT"]
[Date "2020.05.19"]
[Round "7"]
[White "Lachmann, Utz"]
[Black "Lambertz, Michael"]
[Result "1/2-1/2"]
[WhiteElo "1843"]
[BlackElo "1831"]
[PlyCount "153"]
[EventDate "2020.05.19"]
[EventType "swiss (blitz)"]
[EventRounds "9"]
[EventCountry "GER"]
[SourceTitle "EXT 2021"]
[Source "ChessBase"]
[SourceDate "2020.10.23"]
[SourceVersion "1"]
[SourceVersionDate "2020.10.23"]
[SourceQuality "1"]

1. e4 e5 2. Nf3 Nc6 3. Nc3 Bc5 4. Bb5 d6 5. d3 h6 6. h3 Nf6 7. Be3 Bb6 8. Qd2 Be6 9. 0-0 0-0 10. Rad1 Qe7 11. Bxc6 bxc6 12. d4 exd4 13. Nxd4 Qd7 14. Nxe6 Qxe6 15. Rfe1 Rfe8 16. f3 Nh5 17. Bxb6 axb6 18. a3 Qe5 19. Qf2 Nf4 20. Qd4 Qg5 21. g4 Nxh3+ 22. Kg2 Nf4+ 23. Kg3 Re5 24. Ne2 Ne6 25. Qd2 Qxd2 26. Rxd2 Rb5 27. c3 f6 28. Red1 Kf7 29. Nf4 Nxf4 30. Kxf4 h5 31. Rh2 hxg4 32. Kxg4 Rg5+ 33. Kf4 Rb5 34. Rd4 Re8 35. Ra4 Ra5 36. Rc4 c5 37. b4 Rxa3 38. bxc5 bxc5 39. Rb2 Re7 40. Rb7 Ke6 41. Ke3 g5 42. Rb8 Rh7 43. Re8+ Kd7 44. Rf8 Ke7 45. Rc8 Ra7 46. Rb8 Rh3 47. Kf2 Rh2+ 48. Kg3 Rc2 49. Rh8 Ra3 50. Kg4 Raxc3 51. Rxc3 Rxc3 52. f4 gxf4 53. Kxf4 Ke6 54. Rh7 c6 55. Rh8 Rc1 56. Re8+ Kf7 57. Rc8 c4 58. Rxc6 Ke6 59. Ke3 c3 60. Kd3 c2 61. Ra6 Ke5 62. Ra5+ Kf4 63. Rf5+ Kg4 64. Kd2 Rh1 65. Kxc2 Rh2+ 66. Kd3 Rh3+ 67. Kd4 Rh1 68. Rxf6 Rd1+ 69. Ke3 Kg5 70. Re6 Re1+ 71. Kf3 Rf1+ 72. Ke2 Rh1 73. Rxd6 Kf4 74. Re6 Rh3 75. Re8 Re3+ 76. Kf2 Rxe4 77. Rxe4+ 1/2-1/2

[Event "GER-ch Net Amateur Gr-A Vor3"]
[Site "Playchess.com INT"]
[Date "2020.04.16"]
[Round "4"]
[White "Lachmann, Utz"]
[Black "Von Herman, Brigitte"]
[Result "1-0"]
[WhiteElo "1854"]
[BlackElo "1633"]
[PlyCount "79"]
[EventDate "2020.04.16"]
[EventType "swiss (blitz)"]
[EventRounds "9"]
[EventCountry "GER"]
[SourceTitle "CBM 195 Extra"]
[Source "ChessBase"]
[SourceDate "2020.05.31"]
[SourceVersion "1"]
[SourceVersionDate "2020.05.31"]
[SourceQuality "1"]

1. e4 e5 2. Nf3 d6 3. Nc3 Nf6 4. d4 exd4 5. Qxd4 Be7 6. Be3 0-0 7. h3 c6 8. a4 Re8 9. Bc4 Nbd7 10. 0-0 Qc7 11. Rfe1 Ne5 12. Nxe5 dxe5 13. Qd2 Bb4 14. Bg5 Qe7 15. Rad1 h6 16. Bh4 Be6 17. Qe2 Bxc3 18. bxc3 Rad8 19. Bb3 b6 20. Qf3 g5 21. Bg3 Nd7 22. Qh5 Kh7 23. Rd3 f6 24. Red1 Kg7 25. h4 Nf8 26. hxg5 hxg5 27. Qf3 Rd7 28. Bxe6 Qxe6 29. Rxd7+ Nxd7 30. Qd3 Nc5 31. Qe3 Qc4 32. f3 Re7 33. Bf2 Nxa4 34. Rd8 Qxc3 35. Qe2 a5 36. f4 exf4 37. Qh5 Qa1+ 38. Kh2 Nc5 39. Qh8+ Kf7 40. Qg8# 1-0

[Event "GER-ch Net Amateur Gr-A Vor3"]
[Site "Playchess.com INT"]
[Date "2020.04.16"]
[Round "6"]
[White "Lachmann, Utz"]
[Black "Wuerl, Roland"]
[Result "0-1"]
[WhiteElo "1854"]
[BlackElo "1620"]
[PlyCount "64"]
[EventDate "2020.04.16"]
[EventType "swiss (blitz)"]
[EventRounds "9"]
[EventCountry "GER"]
[SourceTitle "CBM 195 Extra"]
[Source "ChessBase"]
[SourceDate "2020.05.31"]
[SourceVersion "1"]
[SourceVersionDate "2020.05.31"]
[SourceQuality "1"]

1. e4 c5 2. Nf3 Nc6 3. Bb5 g6 4. 0-0 Bg7 5. c3 e5 6. Na3 Nge7 7. Re1 0-0 8. d3 d6 9. Nc2 a6 10. Bxc6 Nxc6 11. d4 cxd4 12. cxd4 Bg4 13. Be3 Bxf3 14. gxf3 exd4 15. Nxd4 Qf6 16. Nxc6 bxc6 17. Rc1 d5 18. exd5 cxd5 19. Qxd5 Rad8 20. Qe4 Rfe8 21. Qg4 h5 22. Qg3 Rd5 23. b3 Rxe3 24. Qb8+ Rd8 25. Rc8 Rxe1+ 26. Kg2 Qg5+ 27. Kh3 Qf5+ 28. Kg2 Qxc8 29. Qb4 Rdd1 30. f4 Rg1+ 31. Kf3 Qg4+ 32. Ke3 Rge1+ 0-1

[Event "GER-ch Net Amateur Gr-A Vor3"]
[Site "Playchess.com INT"]
[Date "2020.04.16"]
[Round "2"]
[White "Meschke, Andreas"]
[Black "Lachmann, Utz"]
[Result "1-0"]
[WhiteElo "1581"]
[BlackElo "1854"]
[PlyCount "111"]
[EventDate "2020.04.16"]
[EventType "swiss (blitz)"]
[EventRounds "9"]
[EventCountry "GER"]
[SourceTitle "CBM 195 Extra"]
[Source "ChessBase"]
[SourceDate "2020.05.31"]
[SourceVersion "1"]
[SourceVersionDate "2020.05.31"]
[SourceQuality "1"]

1. e4 c6 2. Nc3 d5 3. f4 dxe4 4. Nxe4 Nf6 5. Nf2 Bf5 6. Nf3 e6 7. Bc4 Bd6 8. d4 Nbd7 9. c3 Qc7 10. g3 0-0-0 11. 0-0 h5 12. b4 Ne4 13. Nxe4 Bxe4 14. Ng5 Nf6 15. Qe2 Bf5 16. h4 Nd5 17. Bd2 Kb8 18. a4 Bg4 19. Qf2 f6 20. Ne4 e5 21. Nxd6 Qxd6 22. dxe5 fxe5 23. Bxd5 Qxd5 24. fxe5 Qxd2 25. Qxd2 Rxd2 26. Rf7 Rhd8 27. Raf1 Re2 28. Rxg7 Red2 29. a5 Rd1 30. a6 Rxf1+ 31. Kxf1 bxa6 32. Rg6 Kb7 33. e6 Re8 34. Rg7+ Kb6 35. e7 a5 36. bxa5+ Kxa5 37. Kf2 Kb5 38. Ke3 Kc4 39. Kf4 a5 40. Ke5 a4 41. Kf6 a3 42. Rg5 a2 43. Ra5 Kb3 44. Kf7 Bd7 45. Ra7 Kb2 46. Rxd7 Rxe7+ 47. Kxe7 a1Q 48. Rc7 Qe1+ 49. Kd7 Qxc3 50. Rxc6 Ka3 51. Rxc3+ Kb4 52. Rf3 Kc4 53. Rf5 Kd4 54. Rxh5 Ke4 55. Rg5 Kf3 56. Ke7 1-0

[Event "GER-ch Net blitz qual3"]
[Site "Playchess.com INT"]
[Date "2020.03.21"]
[Round "2"]
[White "Lachmann, Utz"]
[Black "Hansch, Karsten"]
[Result "0-1"]
[WhiteElo "2093"]
[BlackElo "2300"]
[PlyCount "66"]
[EventDate "2020.03.21"]
[EventType "swiss (blitz)"]
[EventRounds "9"]
[EventCountry "GER"]
[SourceTitle "CBM 195 Extra"]
[Source "ChessBase"]
[SourceDate "2020.05.31"]
[SourceVersion "1"]
[SourceVersionDate "2020.05.31"]
[SourceQuality "1"]

1. e4 c6 2. d4 d5 3. e5 Bf5 4. Nc3 e6 5. g4 Bg6 6. Nge2 c5 7. Be3 Nc6 8. h4 h5 9. Nf4 Bh7 10. Nxh5 Qb6 11. Bb5 a6 12. Bxc6+ bxc6 13. Na4 Qa5+ 14. c3 c4 15. b3 cxb3 16. axb3 Rb8 17. 0-0 Bg6 18. Bd2 Qd8 19. Bg5 Be7 20. f4 Bxh5 21. gxh5 f6 22. exf6 gxf6 23. Qe2 Qd6 24. Nc5 fxg5 25. fxg5 Qg3+ 26. Qg2 Qxh4 27. Nxe6 Kd7 28. Rae1 Rxh5 29. Rf7 Qxe1+ 30. Qf1 Qxf1+ 31. Kxf1 Kxe6 32. Rg7 Rxg5 33. Kf2 Rxg7 0-1

[Event "GER-ch Net blitz qual3"]
[Site "Playchess.com INT"]
[Date "2020.03.21"]
[Round "1"]
[White "Weidenhoefer, Ben"]
[Black "Lachmann, Utz"]
[Result "0-1"]
[WhiteElo "1078"]
[BlackElo "2093"]
[PlyCount "76"]
[EventDate "2020.03.21"]
[EventType "swiss (blitz)"]
[EventRounds "9"]
[EventCountry "GER"]
[SourceTitle "CBM 195 Extra"]
[Source "ChessBase"]
[SourceDate "2020.05.31"]
[SourceVersion "1"]
[SourceVersionDate "2020.05.31"]
[SourceQuality "1"]

1. d4 d5 2. Nf3 Nf6 3. Bg5 Ne4 4. e3 Bf5 5. Bd3 h6 6. Bh4 g5 7. Bg3 Bg7 8. Bxe4 Bxe4 9. Nbd2 Bg6 10. Ne5 Bf5 11. 0-0 Nd7 12. Nxd7 Qxd7 13. Re1 0-0 14. Qh5 c6 15. h3 Bxc2 16. Rac1 Bg6 17. Qf3 Rae8 18. e4 dxe4 19. Nxe4 Qxd4 20. Rcd1 Qxb2 21. Re2 Qb5 22. Qd3 Qxd3 23. Rxd3 f5 24. Nc5 f4 25. Red2 Bxd3 26. Rxd3 fxg3 27. Rxg3 Bd4 28. Ne6 Bxf2+ 29. Kh2 Bxg3+ 30. Kxg3 Rf6 31. Nc7 Rd8 32. Ne6 Rxe6 33. Kh2 Kg7 34. a4 Rd2 35. a5 Ree2 36. Kh1 Rxg2 37. a6 Rge2 38. axb7 Re1# 0-1

[Event "Berlin-ch MT"]
[Site "Berlin"]
[Date "2019.04.26"]
[Round "7"]
[White "Lachmann, Utz"]
[Black "Sitte, Adrian"]
[Result "1-0"]
[WhiteElo "2188"]
[BlackElo "1967"]
[PlyCount "67"]
[EventDate "2019.04.20"]
[EventType "swiss"]
[EventRounds "9"]
[EventCountry "GER"]
[SourceTitle "EXT 2020"]
[Source "ChessBase"]
[SourceDate "2019.10.17"]
[SourceVersion "1"]
[SourceVersionDate "2019.10.17"]
[SourceQuality "1"]

1. e4 e6 2. d4 d5 3. Nc3 Nf6 4. Bg5 Be7 5. e5 Nfd7 6. h4 a6 7. Qg4 Kf8 8. Nf3 c5 9. dxc5 Nc6 10. Qg3 Nxc5 11. 0-0-0 b5 12. Nd4 Bd7 13. Nxc6 Bxc6 14. Rd4 h6 15. Bxe7+ Qxe7 16. Kb1 Rb8 17. Bd3 b4 18. Ne2 Bb5 19. Rg4 h5 20. Rf4 Nxd3 21. cxd3 Rc8 22. Nd4 Rh6 23. Qe3 Qc5 24. f3 Ke8 25. Qd2 Ke7 26. Nxb5 Qxb5 27. Rxb4 Qc6 28. a3 Rg6 29. g4 hxg4 30. fxg4 d4 31. Rg1 Qd5 32. h5 Rh6 33. Qf4 Rc5 34. Qg5+ 1-0